<?xml version="1.0" encoding="UTF-8"?>
<record
    xmlns:xsi="http://www.w3.org/2001/XMLSchema-instance"
    xsi:schemaLocation="http://www.loc.gov/MARC21/slim http://www.loc.gov/standards/marcxml/schema/MARC21slim.xsd"
    xmlns="http://www.loc.gov/MARC21/slim">

  <leader>00826nam a2200241Ia 4500</leader>
  <controlfield tag="003">IN-BaIIA</controlfield>
  <controlfield tag="008">211028s9999    xx            000 0 eng d</controlfield>
  <datafield tag="020" ind1=" " ind2=" ">
    <subfield code="a">0-7503-0883-4</subfield>
  </datafield>
  <datafield tag="040" ind1=" " ind2=" ">
    <subfield code="c">IIA Library</subfield>
  </datafield>
  <datafield tag="080" ind1=" " ind2=" ">
    <subfield code="a">52-17</subfield>
    <subfield code="b">BOD</subfield>
  </datafield>
  <datafield tag="100" ind1=" " ind2=" ">
    <subfield code="a">Bodenheimer, Peter</subfield>
    <subfield code="9">30646</subfield>
  </datafield>
  <datafield tag="245" ind1=" " ind2="0">
    <subfield code="a">Numerical methods in astrophysics</subfield>
    <subfield code="b">an introduction</subfield>
    <subfield code="c">Peter Bodenheimer&#x2026;[et al.]                                           </subfield>
  </datafield>
  <datafield tag="260" ind1=" " ind2=" ">
    <subfield code="a">New York</subfield>
    <subfield code="b">Taylor and Francis</subfield>
    <subfield code="c">2007</subfield>
  </datafield>
  <datafield tag="300" ind1=" " ind2=" ">
    <subfield code="a">329p.</subfield>
  </datafield>
  <datafield tag="490" ind1=" " ind2=" ">
    <subfield code="a">Series in astronomy and astrophysics</subfield>
  </datafield>
  <datafield tag="650" ind1=" " ind2=" ">
    <subfield code="a">Astrophysics - mathematics</subfield>
    <subfield code="9">30647</subfield>
  </datafield>
  <datafield tag="650" ind1=" " ind2=" ">
    <subfield code="a">Differential equations</subfield>
    <subfield code="9">1510</subfield>
  </datafield>
  <datafield tag="650" ind1=" " ind2=" ">
    <subfield code="a">Hydrodynamics, Radiative transfer</subfield>
    <subfield code="9">30648</subfield>
  </datafield>
  <datafield tag="650" ind1=" " ind2=" ">
    <subfield code="a">Partial - numerical solutions</subfield>
    <subfield code="9">30649</subfield>
  </datafield>
  <datafield tag="700" ind1=" " ind2=" ">
    <subfield code="a">Rozyczka, Michal</subfield>
    <subfield code="9">30650</subfield>
  </datafield>
  <datafield tag="700" ind1=" " ind2=" ">
    <subfield code="a">Yorke, Horold W.</subfield>
    <subfield code="9">30651</subfield>
  </datafield>
  <datafield tag="942" ind1=" " ind2=" ">
    <subfield code="c">BK</subfield>
  </datafield>
  <datafield tag="999" ind1=" " ind2=" ">
    <subfield code="c">16516</subfield>
    <subfield code="d">16516</subfield>
  </datafield>
  <datafield tag="952" ind1=" " ind2=" ">
    <subfield code="0">0</subfield>
    <subfield code="1">0</subfield>
    <subfield code="4">0</subfield>
    <subfield code="7">0</subfield>
    <subfield code="a">BAN</subfield>
    <subfield code="b">BAN</subfield>
    <subfield code="c">GEN</subfield>
    <subfield code="d">2007-06-29</subfield>
    <subfield code="e">EDS   </subfield>
    <subfield code="g">3203.60</subfield>
    <subfield code="l">0</subfield>
    <subfield code="o">52-17/ BOD</subfield>
    <subfield code="p">17438</subfield>
    <subfield code="r">2021-11-05</subfield>
    <subfield code="v">3203.60</subfield>
    <subfield code="w">2007-06-29</subfield>
    <subfield code="y">BK</subfield>
    <subfield code="G">Rs. 3203.60  </subfield>
  </datafield>
</record>
